| 000 | 00562cam a22002052i 4500 | ||
|---|---|---|---|
| 001 | 978-626-98805-4-6 | ||
| 003 | YEEZEN | ||
| 005 | 20250313153042.0 | ||
| 008 | 241011s2024 ch e 000 0 chi d | ||
| 020 |
_a9786269880546 _q(平裝) : _cNT$600 |
||
| 040 |
_aISBN _bchi _cISBN |
||
| 042 | _anbic | ||
| 050 | _a415.85 | ||
| 082 | _a415.85 | ||
| 245 | 1 | 0 |
_a台灣RCA 2.0根本原因分析手冊 / _c王興中, 呂立, 吳永隆, 洪聖惠作 |
| 250 | _a初版 | ||
| 260 |
_a新北市 : _b醫策會, _c2025.01 |
||
| 300 |
_a面 ; _c公分 |
||
| 942 |
_2ccl _cBOOK |
||
| 999 |
_c7636 _d7636 |
||